[Event "ARG-ch U10"]
[Site "Buenos Aires"]
[Date "2019.03.03"]
[Round "5.1"]
[White "Peralta, Maximo"]
[Black "Gimenez, Alessio"]
[Result "0-1"]
[WhiteElo "1221"]
[BlackElo "1415"]
[PlyCount "80"]
[EventDate "2019.03.01"]
[EventType "swiss"]
[EventRounds "9"]
[EventCountry "ARG"]
[SourceTitle "EXT 2024"]
[Source "ChessBase"]
[SourceDate "2023.10.10"]
[SourceVersion "1"]
[SourceVersionDate "2023.10.10"]
[SourceQuality "1"]

1. e4 e5 2. f4 Bc5 3. Nf3 d6 4. Bc4 Nf6 5. Nc3 Nc6 6. d3 Bd7 7. Bd2 a6 8. a3 Nd4 9. h3 Nxf3+ 10. Qxf3 Be6 11. Bxe6 fxe6 12. fxe5 dxe5 13. 0-0-0 Qe7 14. g4 Rf8 15. Qg3 Nd7 16. Rhf1 0-0-0 17. Ne2 Rxf1 18. Rxf1 Rf8 19. Rf3 Rf7 20. Bc3 Rxf3 21. Qxf3 Qf6 22. Qxf6 gxf6 23. a4 Kd8 24. Kd2 Ke7 25. Ng3 Nf8 26. b4 Ba7 27. g5 Ng6 28. Nh5 fxg5 29. Ke2 h6 30. Kf3 b5 31. a5 c5 32. Kg4 Kf7 33. Ng3 Kg7 34. Nf1 cxb4 35. Bxb4 Bb8 36. Nd2 Bc7 37. Nf3 Nf4 38. Bc3 Kf6 39. h4 h5+ 40. Kg3 Ne2+ 0-1